000 00888nam a2200265 a 4500
001 1231
003 BR-CuiBMT
005 20231203173033.0
008 231201s2010 dfba 001 0 por d
020 _a9788570182753
040 _aBR-CuiBMT
_cBR-CuiBMT
080 _a94
_x(81).043
_22007
090 _a94(81).043
_bA615
245 0 2 _aO ano da independência /
_c[autores Augusto Olímpio Viveiros de Castro ... et al.].
260 _aBrasília :
_bSenado Federal,
_c2010.
300 _a473 p.
_bil. ;
_c23 cm
490 1 _aColeção edições do Senado Federal ;
_vv. 138
500 _aVários autores.
504 _aInclui bibliografia e índice.
650 _aIndependência do Brasil
_y(1822)
650 _aBrasil
_xHistória
_xIndependência, 1822
700 1 _aCastro, Augusto Olímpio Viveiros de
_4et al.
830 0 _aEdições do Senado Federal ;
_v138
942 _2udc
_cLV
999 _c1231
_d1231